The World Bank and Urban Development: (Record no. 7680)

MARC details
000 -LEADER
fixed length control field 00529nam a22001937a 4500
003 - CONTROL NUMBER IDENTIFIER
control field OSt
005 - DATE AND TIME OF LATEST TRANSACTION
control field 20220209104748.0
008 - FIXED-LENGTH DATA ELEMENTS--GENERAL INFORMATION
fixed length control field 220209b ||||| |||| 00| 0 eng d
020 ## - INTERNATIONAL STANDARD BOOK NUMBER
International Standard Book Number 9781138987357
040 ## - CATALOGING SOURCE
Transcribing agency DDC
082 ## - DEWEY DECIMAL CLASSIFICATION NUMBER
Classification number 332.1532 RAM 2006
100 ## - MAIN ENTRY--PERSONAL NAME
Personal name Ramsamy, Edward
9 (RLIN) 8301
245 ## - TITLE STATEMENT
Title The World Bank and Urban Development:
Remainder of title From Project to Policy.
260 ## - PUBLICATION, DISTRIBUTION, ETC. (IMPRINT)
Place of publication, distribution, etc. New York:
Name of publisher, distributor, etc. Routledge;
Date of publication, distribution, etc. 2006,
300 ## - PHYSICAL DESCRIPTION
Extent xv,229p.:
Other physical details ill;
Dimensions 24cm.
504 ## - BIBLIOGRAPHY, ETC. NOTE
Bibliography, etc Includes Index.
650 ## - SUBJECT ADDED ENTRY--TOPICAL TERM
Topical term or geographic name as entry element World Bank.
9 (RLIN) 11231
942 ## - ADDED ENTRY ELEMENTS (KOHA)
Source of classification or shelving scheme Dewey Decimal Classification
Koha item type Book
Holdings
Withdrawn status Lost status Source of classification or shelving scheme Damaged status Not for loan Home library Current library Date acquired Source of acquisition Inventory number Total Checkouts Full call number Barcode Date last seen Price effective from Koha item type
    Dewey Decimal Classification     MUST Main Library MUST Main Library 09/02/2022 Purchase 19/41123   332.1532 RAM 2006 2022-0166 09/02/2022 09/02/2022 Book